000 00544nam a22002177a 4500
003 UA-OsUOA
001 46511
007 ta
008 20070626b un ||||| |||| 00| 0 ukr d
100 _aКорнійчук О.
090 _a908
_bК-11
942 _cSA
040 _aUA-OsUOA
_bfre
_cUA-OsUOA
_dUA-OsUOA
245 _a"Молодь - не майбутнє, а наше сьогодення"
300 _aС.5
955 _a0
041 _afre
080 _a908
773 0 _w46510
650 7 _a908 Краєзнавство
_2UDC
999 _c332602
_d332602